| 000 | 00639nam a22002171 4500 | ||
|---|---|---|---|
| 001 | 105444 | ||
| 003 | ES-MaACL | ||
| 005 | 20230906183904.0 | ||
| 007 | t| | ||
| 008 | 060712s1970 fr ||||0| fre d | ||
| 016 | 7 | _zIND9300601479 | |
| 040 |
_aM-BN _bspa _cA2 |
||
| 080 | _a335.54(46)"1936/39" | ||
| 100 | 1 |
_aMintz, Frank. _981382 |
|
| 245 | 1 | 2 |
_aL'autogestion dans l'Espagne révolutionnaire / _cFrank Mintz. |
| 260 |
_aParis : _bBélibaste, _c[1970] |
||
| 300 |
_a185 p., 2 h ; _c22 cm. |
||
| 500 | _aBiblioteca Juan Andrade. | ||
| 650 |
_aColectivismo- _zEspaña- _y1936-1939. _911140 |
||
| 852 |
_aES-MaACL _jAND-241 _bR.109559 |
||
| 999 |
_c105444 _d105444 |
||